Sugarcane pathology / (Record no. 37461)
[ view plain ]
| 000 -LEADER | |
|---|---|
| fixed length control field | 00934nam a22002894a 4500 |
| 001 - CONTROL NUMBER | |
| control field | 37461 |
| 003 - CONTROL NUMBER IDENTIFIER | |
| rucl marc code | BD-RjUL |
| 005 - DATE AND TIME OF LATEST TRANSACTION | |
| control field | 20211209052619.0 |
| 008 - FIXED-LENGTH DATA ELEMENTS--GENERAL INFORMATION | |
| fixed length control field | 040114s1999 nhua b 001 0 eng |
| 020 ## - INTERNATIONAL STANDARD BOOK NUMBER | |
| International Standard Book Number | 1578081785 |
| 035 ## - SYSTEM CONTROL NUMBER | |
| System control number | (BD-RjUL) |
| 040 ## - CATALOGING SOURCE | |
| Original cataloging agency | DLC |
| Transcribing agency | DLC |
| Modifying agency | DLC |
| Language of cataloging | eng |
| 041 ## - LANGUAGE CODE | |
| Language code of text/sound track or separate title | eng |
| 082 00 - DEWEY DECIMAL CLASSIFICATION NUMBER | |
| Classification number | 633.6193 |
| Edition number | 22 |
| 245 00 - TITLE STATEMENT | |
| Title | Sugarcane pathology / |
| Statement of responsibility, etc. | editors, G.P. Rao, A. Salem Saumtally, Philippe Rott. |
| Number of part/section of a work | Volume 1 |
| Name of part/section of a work | fungal disease |
| 260 ## - PUBLICATION, DISTRIBUTION, ETC. (IMPRINT) | |
| Place of publication, distribution, etc. | Enfield, NH ; |
| -- | New Delhi : |
| Name of publisher, distributor, etc. | Science Publishers; |
| -- | Oxford, |
| Date of publication, distribution, etc. | c1999 |
| 300 ## - PHYSICAL DESCRIPTION | |
| Pagination | v. <3> : |
| Illustrations | ill. (some col.) ; |
| Size | 25 cm. |
| 504 ## - BIBLIOGRAPHY, ETC. NOTE | |
| Bibliography, etc | Includes bibliographical references. |
| 505 1# - FORMATTED CONTENTS NOTE | |
| Formatted contents note | -- v. 1. fungal disease |
| 650 #0 - SUBJECT ADDED ENTRY--TOPICAL TERM | |
| Topical term or geographic name as entry element | Sugarcane |
| General subdivision | Diseases and pests. |
| 9 (RLIN) | 114961 |
| 700 1# - ADDED ENTRY--PERSONAL NAME | |
| Personal name | Rao, G. P. |
| Fuller form of name | (Govind P.) |
| Personal name | Saumtally, A. Salem. |
| Personal name | Rott, Philippe. |
| 942 ## - ADDED ENTRY ELEMENTS (KOHA) | |
| Source of classification or shelving scheme | Dewey Decimal Classification |
| Koha item type | Books |
| Lost status | Source of classification or shelving scheme | Damaged status | Not for loan | Permanent Location | Current Location | Shelving location | Date acquired | Cost, normal purchase price | Total Checkouts | Full call number | Date last seen | Copy number | Koha item type |
|---|---|---|---|---|---|---|---|---|---|---|---|---|---|
| Dewey Decimal Classification | Not For Loan | Institute of Biological Sciences (IBSc) Library | Institute of Biological Sciences (IBSc) Library | 20/01/2015 | 1125.00 | 633.6193 SUG 1999 | 20/01/2015 | C-1 | Books |